00474nam a2200193 a 4500001001300000003000900013005001700022008004100039020001000080082001300090100001900103245002100122260003300143300000800176500003500184505002800219650001400247700001900261nice12345678IN_TiNIC20260116011517.0050524s1927 pera grp 000 0 per  ac10000a234bKAN aKanamori, Paul aYak Nafar Japani aPersia bNo Publishersc1927 a90p aincludes index and biblioraphy2 aHand Written Manuscript aSalvation1 aKanamori, Paul